Loading...
| History - Other History | 0 | 7 | 0 | 1 | 70 | 83 | 112.71 | 0 | 3 |
| History - American History | 0 | 7 | 0 | 0 | 70 | 74 | 90.43 | 2 | 6 |
| Religion | 0 | 7 | 0 | 3 | 70 | 73 | 106.71 | 1 | 3 |
| Literature - World Literature | 0 | 7 | 1 | 1 | 65 | 88 | 118.14 | 2 | 4 |
| History - World History | 0 | 7 | 2 | 0 | 60 | 45 | 77.71 | 2 | 4 |
| Fine Arts - Painting & Sculpture | 0 | 6 | 1 | 2 | 55 | 120 | 131.33 | 0 | 4 |
| Other | 0 | 6 | 1 | 2 | 55 | 59 | 92.17 | 1 | 4 |
| Mythology | 0 | 5 | 0 | 1 | 50 | 98 | 129.60 | 1 | 2 |
| Social Science | 0 | 5 | 1 | 1 | 45 | 76 | 103.20 | 1 | 3 |
| Fine Arts - Other Fine Arts | 0 | 5 | 1 | 1 | 45 | 23 | 104.80 | 1 | 4 |
| History - European History | 0 | 5 | 1 | 1 | 45 | 66 | 88.80 | 2 | 4 |
| Literature - American Literature | 0 | 4 | 0 | 1 | 40 | 100 | 115.25 | 0 | 2 |
| Fine Arts - Classical Music | 0 | 4 | 0 | 0 | 40 | 115 | 118.00 | 1 | 3 |
| Literature - British Literature | 0 | 3 | 1 | 1 | 25 | 104 | 120.00 | 0 | 1 |
| Literature - European Literature | 0 | 2 | 1 | 0 | 15 | 98 | 113.00 | 0 | 1 |
| Science - Biology | 0 | 1 | 0 | 0 | 10 | 100 | 100.00 | 0 | 0 |
| Philosophy | 0 | 2 | 3 | 0 | 5 | 109 | 123.00 | 0 | 1 |
| Science - Chemistry | 0 | 0 | 0 | 0 | 0 | 0.00 | 0 | 0 | |
| Science - Other Science | 0 | 0 | 0 | 0 | 0 | 0.00 | 0 | 0 | |
| Science - Physics | 0 | 0 | 0 | 0 | 0 | 0.00 | 0 | 0 |